Quick Pick: 'G' Literature Quiz Stats

 Plays Quiz Updated Jul 11, 2018

Score 0/10 Timer 01:00
3 Plays Today
% Correct
Green Eggs and Ham
96.1%
Great Expectations
95.3%
Gulliver's Travels
89.1%
Gone with the Wind
88%
Glengarry Glen Ross
59.6%
Gravity's Rainbow
54.6%
Get Shorty
52.2%
Go Tell It on the Mountain
50.1%
Goodbye Columbus
44.6%
Go Down Moses
42.3%

Today's Daily Dose

You're not logged in!

Compare scores with friends on all Sporcle quizzes.
OR
Log In

Show Comments

Extras

Top Quizzes Today


Score Distribution

Your Account Isn't Verified!

In order to create a playlist on Sporcle, you need to verify the email address you used during registration. Go to your Sporcle Settings to finish the process.

Report this User

Report this user for behavior that violates our Community Guidelines.

Details: